000
00209 a2200097 4500
001
32570
100
_a
Suyin, Han
245
_a
Wind in the tower
260
_a
London
_b
Jonathan Cape
_c
090
_c
21786
_d
21786
942
_a
NUST-CAE
_c
M
_c
13098
999
_c
267643
_d
267643